| 000 | 00474nam a22001937a 4500 | ||
|---|---|---|---|
| 003 | CEME | ||
| 005 | 20210628202125.0 | ||
| 008 | 210209b xxu||||| |||| 00| 0 eng d | ||
| 020 | _a1-86152-619-9 | ||
| 040 | _c. | ||
| 082 | _a620.1053 PYT | ||
| 100 |
_aKiusalaas, Jaan Pytel, Andrew _958354 |
||
| 245 | _aEngineering mechanics, statics | ||
| 250 | _a2ND | ||
| 260 |
_aUSA _bTHOMSON LEARNING _c2001 |
||
| 300 | _aX,527P | ||
| 650 |
_aSTATICS _91020 |
||
| 942 |
_cBK _2ddc |
||
| 999 |
_c568549 _d568549 |
||